The sun, the sea, and tomorrow; (Record no. 15238)

000 -LEADER
fixed length control field 00480cam a22001691 4500
040 ## - CATALOGING SOURCE
Transcribing agency OKentU
082 ## - DEWEY DECIMAL CLASSIFICATION NUMBER
Classification number 551 SCR 1954 A063 Or.
100 1# - MAIN ENTRY--AUTHOR NAME
Personal name Smith, F. G. Walton
245 14 - TITLE STATEMENT
Title The sun, the sea, and tomorrow;
Remainder of title potential sources of food, energy, and minerals from the sea
260 ## - PUBLICATION, DISTRIBUTION, ETC. (IMPRINT)
Place of publication New York,
Name of publisher Scribner,
Year of publication 1954.
300 ## - PHYSICAL DESCRIPTION
Number of Pages 210 p.
Other physical details illus.
Dimensions 22 cm.
650 #0 - SUBJECT ADDED ENTRY--TOPICAL TERM
Topical Term Ocean.
650 #0 - SUBJECT ADDED ENTRY--TOPICAL TERM
Topical Term Natural resources.
650 #0 - SUBJECT ADDED ENTRY--TOPICAL TERM
Topical Term Fisheries.
700 1# - ADDED ENTRY--PERSONAL NAME
Personal name Chapin, Henry,
942 ## - ADDED ENTRY ELEMENTS (KOHA)
Koha item type សៀវភៅភាសាអង់គ្លេស
952 ## - LOCATION AND ITEM INFORMATION (KOHA)
Withdrawn status [LOCAL, KOHA] 0
Holdings
Permanent Location Date acquired Koha item type Lost status Shelving location Barcode Current Location Full call number
Library Block A2017-11-14សៀវភៅភាសាអង់គ្លេស A063A06754Library Block A551 SCR 1954 A063 Or.
មជ្ឈមណ្ឌលឯការនៃសាកលវិទ្យាល័យភូមិន្ទកសិកម្មចំការដូង

Powered by Koha